| 000 | 00347nam a22001217a 4500 | ||
|---|---|---|---|
| 999 |
_c5502 _d5502 |
||
| 008 | 250925b ||||| |||| 00| 0 eng d | ||
| 020 | _a9781407191553 | ||
| 082 | _a823.92 HAR | ||
| 100 |
_aHARDY,VASHTI _eAUTHOR _lENGLISH |
||
| 245 | _aWILDSPARK | ||
| 260 |
_aEUSTON HOUSE,24 EVERSHOLT STREET,LONDON,NW1 1DB,UK _bUK SCHOLASTIC LTD _c2019 |
||
| 942 | _2ddc | ||